Pertinencia del perfil del profesional de enfermeria egresado de la curn frente a las exigencias del entorno en cartagena (2011-2017) / (Registro nro. 4007)
[ vista simple ]
| 000 -LEADER | |
|---|---|
| fixed length control field | 01602nam a2200241 4500 |
| 001 - CONTROL NUMBER | |
| control field | 0000010926 |
| 005 - DATE AND TIME OF LATEST TRANSACTION | |
| control field | 20250329165434.0 |
| 008 - FIXED-LENGTH DATA ELEMENTS--GENERAL INFORMATION | |
| fixed length control field | 180709s2018 000 0 eng d |
| 040 ## - CATALOGING SOURCE | |
| Original cataloging agency | CO-CtgCURN |
| Language of cataloging | spa |
| Transcribing agency | coctgcurn |
| 082 0# - DEWEY DECIMAL CLASSIFICATION NUMBER | |
| Classification number | ENF 2018 |
| Item number | M971 |
| 100 1# - MAIN ENTRY--PERSONAL NAME | |
| Personal name | Muñoz Arrieta, Kelis Johana. |
| 245 10 - TITLE STATEMENT | |
| Title | Pertinencia del perfil del profesional de enfermeria egresado de la curn frente a las exigencias del entorno en cartagena (2011-2017) / |
| Statement of responsibility, etc. | Kelis Johana Muñoz Arrieta; Lina Marcela Castellar Luna; Carianis Campo Cuadrado; Asesor: Kendy Madero Zambrano. |
| 260 ## - PUBLICATION, DISTRIBUTION, ETC. | |
| Place of publication, distribution, etc. | Cartagena de Indias : |
| Name of publisher, distributor, etc. | Corporación Universitaria Rafael Núñez, |
| Date of publication, distribution, etc. | 2018. |
| 504 ## - BIBLIOGRAPHY, ETC. NOTE | |
| Bibliography, etc. note | Trabajo de grado (Enfermeria). Corporación Universitaria Rafael Nuñez. Facultad de la Salud. Enfermeria, 2018. |
| 520 ## - SUMMARY, ETC. | |
| Summary, etc. | Conocer la pertinencia de la formacion que reciben los profesionales en el sistema educativo colombiano es esencial para tomar medidas que mejoren su desempeño laboral. OBJETIVO: Analizar la pertinencia del perfil del profesional de Enfermeria egresado de la CURN frente a las exigencias del entorno en Cartagena (2011-2017) |
| 650 #0 - SUBJECT ADDED ENTRY--TOPICAL TERM | |
| Topical term or geographic name entry element | Enfermeria |
| Form subdivision | Tesis y disertaciones academicas. |
| 700 1# - ADDED ENTRY--PERSONAL NAME | |
| Personal name | Castellar Luna, Lina Marcela. |
| 700 1# - ADDED ENTRY--PERSONAL NAME | |
| Personal name | Campo Cuadrado, Carianis. |
| 700 1# - ADDED ENTRY--PERSONAL NAME | |
| Personal name | Madero Zambrano, Kendy, |
| Relator term | Asesor. |
| 856 ## - ELECTRONIC LOCATION AND ACCESS | |
| Uniform Resource Identifier | <a href="https://unicurn.sharepoint.com/:b:/s/biblioteca/EbmJJSE0zmFCgV2_X1nMkAEBOVZot24ofeIgamVnGdQyzQ?e=H5WZzg">https://unicurn.sharepoint.com/:b:/s/biblioteca/EbmJJSE0zmFCgV2_X1nMkAEBOVZot24ofeIgamVnGdQyzQ?e=H5WZzg</a> |
| Public note | Click aqui para ver el recurso en texto completo |
| 942 ## - ADDED ENTRY ELEMENTS (KOHA) | |
| Source of classification or shelving scheme | Dewey Decimal Classification |
| Koha item type | Trabajos de grado |
| Classification part | ENF 2018 |
| Item part | M971 |
| Withdrawn status | Lost status | Damaged status | Not for loan | Collection | Home library | Current library | Shelving location | Date acquired | Cost, normal purchase price | Inventory number | Total checkouts | Full call number | Barcode | Date last seen | Price effective from | Koha item type |
|---|---|---|---|---|---|---|---|---|---|---|---|---|---|---|---|---|
| Trabajos de grado | Miguel Henríquez Emiliani | Miguel Henríquez Emiliani | Trabajo de grado | 09/23/2018 | 35000.00 | 022227 | ENF 2018 M971 | 022227 | 03/29/2025 | 03/29/2025 | Trabajos de grado |